| 000 | 00740cam a2200193 i 4500 | ||
|---|---|---|---|
| 005 | 20251214093155.0 | ||
| 008 | 250721s2021 jo gr 000 0 ara d | ||
| 020 | _a9789957338015 | ||
| 082 | 1 | 4 |
_a216.53 _bح ل و |
| 100 | 1 |
_aالحلو، غادة فايز _eمعد. |
|
| 245 | 1 | 2 |
_aالسكينة في أحكام الأسرة ووسائلها : _bدراسة فقهية مقاصدية / _cإعداد غادة فايز الحلو. |
| 264 | 3 | 1 |
_aعمان : _bالوراق للنشر و التوزيع، _c2021. |
| 300 | _a375 صفحة. | ||
| 650 | 1 | 7 | _aالفقه الاسلامي. |
| 650 | 1 | 7 | _aالحقوق الاسرية. |
| 650 | 1 | 7 | _aالعلاقات داخل الاسرة. |
| 942 |
_2ddc _cBK |
||
| 999 |
_c146641 _d146641 |
||